|
|
|
|
| LEADER |
00000nam a2200000Ii 4500 |
| 001 |
ELB221997 |
| 003 |
FINmELB |
| 005 |
20221128121057.0 |
| 006 |
m o u |
| 007 |
cr cn||||||||| |
| 008 |
221128s2013 ck ob 000 0 spa d |
| 020 |
|
|
|a 9789585136489
|q eBook
|q pdf
|
| 020 |
|
|
|z 9789585136472
|
| 035 |
|
|
|a (OCoLC)1355701792
|
| 040 |
|
|
|a FINmELB
|b spa
|e rda
|c FINmELB
|
| 050 |
1 |
4 |
|a SF494
|b .B483 2013
|
| 080 |
|
|
|a 636.087
|
| 082 |
0 |
4 |
|a 636.5
|2 23
|
| 100 |
1 |
|
|a Betancourt López, Liliana,
|e autor.
|
| 245 |
1 |
0 |
|a Alternativas naturales como pronutrientes para aves /
|c Liliana Betancourt López.
|
| 264 |
|
1 |
|a Bogotá :
|b Universidad de la Salle,
|c [2013]
|
| 300 |
|
|
|a 1 recurso en línea
|
| 336 |
|
|
|a texto
|b txt
|2 rdacontent/spa
|
| 337 |
|
|
|a computadora
|b c
|2 rdamedia/spa
|
| 338 |
|
|
|a recurso en línea
|b cr
|2 rdacarrier/spa
|
| 490 |
1 |
|
|a Apuntes de clase,
|x ISSN1900-6187 ;
|v documento no. 91
|
| 500 |
|
|
|a "Facultad de Ciencias Agropecuarias, Programa de Zootecnia".
|
| 504 |
|
|
|a Incluye referencias bibliográficas.
|
| 588 |
|
|
|a Descripción basada en metadatos suministrados por el editor y otras fuentes.
|
| 590 |
|
|
|a Recurso electrónico. Santa Fe, Arg.: elibro, 2022. Disponible vía World Wide Web. El acceso puede estar limitado para las bibliotecas afiliadas a elibro.
|
| 650 |
|
4 |
|a Aditivos para alimentos.
|
| 650 |
|
4 |
|a Aves
|x Alimentación.
|
| 655 |
|
4 |
|a Libros electrónicos.
|
| 797 |
2 |
|
|a elibro, Corp.
|
| 830 |
|
0 |
|a Apuntes de clase ;
|v documento no. 91.
|
| 856 |
4 |
0 |
|u https://elibro.uam.elogim.com/ereader/bidiuam/221997
|z Texto completo
|